Quizzes
Events
Quiz Creation
Community
Videos
Private Events
Remove Ads
Sign In
Join for FREE
Feedback
Dark Mode
Quiz Categories
Sports
Geography
Music
Movies
Television
Just For Fun
Miscellaneous
History
Literature
Language
Science
Gaming
Entertainment
Religion
Holiday
For Kids
Quiz Lab
Recent
Popular Today
Quiz Kudos Today
Editor Picks
Curator Picks
Quizzes by...
Day
Popularity
Type
Ratings
Length
Year
Community
Subscriptions
Recent Discussions
Orange Saloon
Badges
Playlists
Quests
Create
Leaderboards
Showdown
Live 5
Trivia Bingo
Activity
Puzzle Library
Sporcle Events
Private Events
Virtual Trivia
Globe League
Become a Host
Pub Owners
SporcleCon
Opinionation
Our Games
Videos
Blog
Mobile Apps
Partnerships
Remove Ads and Go Orange
Feedback
Sports
Athletes
MLB
NBA
NHL
NFL
Soccer
Sports Teams
WWE
NCAA
Football
Premier League
Basketball
Baseball
Hockey
Golf
Tennis
Cricket
Rugby
Auto Racing
Olympics
World Cup
Sports
Athletes
MLB
NBA
NHL
NFL
Soccer
Sports Teams
WWE
NCAA
Football
Premier League
Basketball
Baseball
Hockey
Golf
Tennis
Cricket
Rugby
Auto Racing
Olympics
World Cup
Random Quiz
Search Sporcle
×
Quiz Lab
Quiz Lab
Sports
Football
Type in answers that appear in a list
Type in answers that appear in a list
Classic
Best Score? Go Orange.
'09 Champions Starting Lineups Stats
Can you name the starters for each 2009 championship-winning team?
By
jjf6w
12m
80 Questions
1,843 Plays
1,843 Plays
1,843 Plays
Comments
Comments
Give Quiz Kudos
Give Quiz Kudos
-
- Ratings
hide this ad
More Info
Replay
Link that replays current quiz
Next Quiz
Link to next quiz in quiz playlist
You Got
0%
They Got
Avg Score
42%
Avg Friend Score
Upgrade to see
Score Distribution
Jump to the score distribution portion of the page
Score
0/80
Timer
12:00
0
Plays Today
Team
Player
% Correct
Lakers (NBA)
Kobe Bryant
98.2%
Steelers (NFL)
Ben Roethlisberger
93.5%
Lakers (NBA)
Pau Gasol
93.5%
Yankees (MLB)
Derek Jeter
93.4%
Yankees (MLB)
Alex Rodriguez
92.2%
Steelers (NFL)
Hines Ward
91.2%
Gators (NCAAF)
Tim Tebow
89.3%
Lakers (NBA)
Derek Fisher
88.5%
Yankees (MLB)
Jorge Posada
88.3%
Lakers (NBA)
Andrew Bynum
86%
Steelers (NFL)
Willie Parker
85.4%
Yankees (MLB)
C.C. Sabathia
84.7%
Steelers (NFL)
Santonio Holmes
84.3%
Yankees (MLB)
Robinson Cano
82.3%
Bonus: Coaches
Phil Jackson
79.8%
Yankees (MLB)
Johnny Damon
79.7%
Yankees (MLB)
Hideki Matsui
77.4%
Yankees (MLB)
Mark Teixeira
76%
Bonus: Coaches
Roy Williams
74.4%
Steelers (NFL)
James Harrison
74.1%
Steelers (NFL)
Heath Miller
73%
Tar Heels (NCAAB)
Tyler Hansbrough
70.6%
Steelers (NFL)
Troy Polamalu
70.4%
Bonus: Coaches
Mike Tomlin
69.8%
Bonus: Coaches
Joe Girardi
69.1%
Bonus: Coaches
Urban Meyer
67.1%
Yankees (MLB)
Melky Cabrera
66%
Lakers (NBA)
Trevor Ariza
65.9%
Penguins (NHL)
Sidney Crosby
65.7%
Gators (NCAAF)
Percy Harvin
62.6%
Tar Heels (NCAAB)
Ty Lawson
61.9%
Yankees (MLB)
Nick Swisher
57.9%
Steelers (NFL)
Aaron Smith
52.4%
Steelers (NFL)
Jeff Reed
47.5%
Tar Heels (NCAAB)
Wayne Ellington
41.3%
Tar Heels (NCAAB)
Danny Green
39.7%
Gators (NCAAF)
Carl Johnson
35%
Gators (NCAAF)
Brandon Spikes
34%
Steelers (NFL)
LaMarr Woodley
34%
Penguins (NHL)
Marc-Andre Fleury
33.2%
Team
Player
% Correct
Steelers (NFL)
Casey Hampton
31.8%
Steelers (NFL)
James Farrior
30.8%
Gators (NCAAF)
Aaron Hernandez
29.5%
Gators (NCAAF)
A.J. Jones
26.5%
Steelers (NFL)
Ike Taylor
25.4%
Tar Heels (NCAAB)
Deon Thompson
24.5%
Gators (NCAAF)
Carlos Dunlap
21.1%
Steelers (NFL)
Larry Foote
21.1%
Steelers (NFL)
Ryan Clark
20.7%
Penguins (NHL)
Sergei Gonchar
20.7%
Gators (NCAAF)
Joe Haden
20.2%
Gators (NCAAF)
Maurkice Pouncey
19.5%
Gators (NCAAF)
Mike Pouncey
19.5%
Steelers (NFL)
Matt Spaeth
17.9%
Gators (NCAAF)
Riley Cooper
16.1%
Steelers (NFL)
Max Starks
14.9%
Gators (NCAAF)
Jeff Demps
14.1%
Gators (NCAAF)
Louis Murphy
13.7%
Penguins (NHL)
Bill Guerin
13.7%
Steelers (NFL)
Willie Colon
13%
Steelers (NFL)
Bryant McFadden
12.6%
Steelers (NFL)
Brett Keisel
10.7%
Gators (NCAAF)
Major Wright
9.9%
Penguins (NHL)
Brooks Orpik
9.9%
Bonus: Coaches
Dan Bylsma
9.8%
Gators (NCAAF)
Ahmad Black
9%
Penguins (NHL)
Chris Kunitz
8.3%
Steelers (NFL)
Justin Hartwig
8.2%
Steelers (NFL)
Mitch Berger
6.3%
Steelers (NFL)
Chris Kemoeatu
6.1%
Gators (NCAAF)
Janoris Jenkins
6%
Gators (NCAAF)
Jermaine Cunningham
4.8%
Steelers (NFL)
Darnell Stapleton
2.9%
Gators (NCAAF)
Dustin Doe
2.7%
Gators (NCAAF)
Jonathan Phillips
2.7%
Gators (NCAAF)
Chas Henry
2.6%
Gators (NCAAF)
Terron Sanders
2.6%
Gators (NCAAF)
Phil Trautwein
2%
Gators (NCAAF)
Lawrence Marsh
1.6%
Gators (NCAAF)
Jason Watkins
0.8%
Quiz Playlist
Details
Report
Send in Message
Add To Playlist
More Info:
let me know if y'all want another sport added in
Classic:
Type in answers that appear in a list
Quiz Source
Last Updated: Feb 16, 2017
Quiz Scoreboard
CHALLENGE
Sign Up to Join the Scoreboard
Show All
Scores
Hide
Comments
May contain spoilers
Recently Published
Pick 6: Fruits
by JohnFran
Miscellaneous
15s
Click the 1999 NBA Draft
by nibperrychub
Sports
2m
Alphabetical 'K' Countries by Flag Minefield
by ylime102
Geography
3m
More to Explore
Quiz From the Vault
Featured Blog Post
15 Basketball Trivia Facts You Can Be March Mad About
hide this ad
You Might Also Like...
Tags
Football Quiz
2009
champion
Championship
Player
Starter
Starting
team
Today's Top Quizzes in Sports
Browse Sports
hide this ad
Today's Top Quizzes in Football
Browse Football
Top Contributed Quizzes in Sports
1
Les joueurs à 100 buts en Ligue 1 Uber Eats
2
Pick 6: NFL Teams
3
MLB 2 truths and a lie: Hall of Fame pitchers
4
Criteria MLB: Left Handed Sluggers
5
2022 World Cup Stars
6
Don't Strike Out: 3000 Strikeouts
7
Millionaire: NBA Finals Edition
8
Pick 6: Minor League Baseball
9
Click the 1998 NBA Draft
10
Pick 6: Olympics
Explore More
Trending Topics
Kpop
NBA
Marvel
Harry Potter
Disney
Crossword
Anime
Song
WWE
NFL
Country
Pokémon
Puzzle
Soccer
The Office
hide this ad
More By:
jjf6w
Quiz
Plays
Rating
Category
Featured
Created
Randy Moss TDs
3,821
3.83
Sports
Dec 22, 2009
Golf Major Champions Since 1990
3,709
5.00
Sports
Jan 31, 2010
'09 Champions Starting Lineups
1,843
3.92
Sports
Jan 31, 2010
#1 Picks By Yardage
1,040
4.64
Sports
Dec 19, 2009
College In Common
862
4.50
Sports
Dec 6, 2009
Go to Creator's Profile
Score Distribution
Quiz Creator Spotlight
jjf6w
Follow
Send a Message
Quizzes Created
-
Created Quiz Play Count
-
More By This Creator
Popular Quizzes Today
1
Countries of Asia Without Outlines Minefield
2
Find the US States - No Outlines Minefield
3
Pick 6: Fruits
4
Alphabetical 'K' Countries by Flag Minefield
5
The Countries of the World
6
Find the US States
7
Match the Book to the Film X
8
US States
More Sports Quizzes
MLB MVP Reveal (2000-Present) XXIV
Quiz Lab
Trending Quizzes
Pick 6: Harry Potter
Pick 6: Mountains
Pick 6: NFL Teams
Pick 6: Movie Franchises
Pick 6: Golfers
Recently Updated
NWSL Teams
pecheneg
Women's Final Four Teams by Year
bhenderson79
Presidents Quartet II
eogle
Anything But Clue(do)
eogle
Anything But Oceanian Capitals
eogle
Anything But 7
eogle
Anything But Thing
eogle
Word Ladder: February 29
pecheneg
Song Title Questions
pecheneg
Women's NCAA Tournament #1 Seeds
pecheneg
Trending Topics
Harry Potter
NBA
Kpop
Crossword
Marvel
Disney
Anime
Country
NFL
The Office
Soccer
Puzzle
Song
WWE
Pokémon
Your Account Isn't Verified!
In order to create a playlist on Sporcle, you need to verify the email address you used during registration. Go to your
Sporcle Settings
to finish the process.
Report this User
Report this user for behavior that violates our
Community Guidelines
.
Details:
Send Report
Go to the Sporcle.com Mobile Site →
Comments